[Event "World Rapid 2022"]
[Site "Almaty KAZ"]
[Date "2022.12.26"]
[Round "3.76"]
[White "Yoo, Christopher Woojin"]
[Black "Kazakov, Konstantin"]
[Result "1-0"]
[WhiteTitle "GM"]
[BlackTitle "IM"]
[WhiteElo "2575"]
[BlackElo "2385"]
[WhiteFideId "30909694"]
[BlackFideId "13700898"]
[EventDate "2022.12.26"]

1. e4 c5 2. Nf3 d6 3. d4 cxd4 4. Nxd4 Nf6 5. Nc3 g6 6. Be3 Nc6 7. f3 h5 8. Nxc6
bxc6 9. e5 dxe5 10. Qxd8+ Kxd8 11. O-O-O+ Kc7 12. Bc4 e6 13. Rhe1 Nd5 14. Bd2 f6
15. Ne4 Be7 16. Ba5+ Nb6 17. b4 Kb7 18. Bb3 Nd5 19. a3 Rb8 20. c4 Nb6 21. Nd6+
Ka8 22. f4 Rd8 23. fxe5 fxe5 24. c5 Bd7 25. Nf7 Rf8 26. Nxe5 Be8 27. Bxe6 Rf2
28. cxb6 axb6 29. Nd3 Rxg2 30. Bxb6 Rxb6 31. Bh3 Bg5+ 32. Kb1 Rxh2 33. Rxe8+ Rb8
34. Bd7 h4 35. Bxc6+ Ka7 36. Rxb8 Kxb8 37. Rg1 Be3 38. Rxg6 h3 39. Rg3 Bd4 40.
Rg4 Be3 41. Rh4 Rd2 42. Ne5 h2 43. Rh8+ Kc7 44. Rh7+ Kd8 45. Nc4 Rd1+ 46. Kc2
Rc1+ 47. Kb3 Bg1 48. Rd7+ Kc8 49. Nd6+ Kb8 50. Rb7+ Ka8 51. Bg2 Rd1 52. Rb6+ 1-0

[Event "World Rapid 2022"]
[Site "Almaty KAZ"]
[Date "2022.12.26"]
[Round "3.77"]
[White "Gurel, Ediz"]
[Black "Tari, Aryan"]
[Result "0-1"]
[WhiteTitle "IM"]
[BlackTitle "GM"]
[WhiteElo "2454"]
[BlackElo "2659"]
[WhiteFideId "44507356"]
[BlackFideId "1510045"]
[EventDate "2022.12.26"]

1. e4 c6 2. Nf3 d5 3. d3 Qc7 4. exd5 cxd5 5. c4 Nf6 6. Nc3 e6 7. cxd5 Nxd5 8.
Nxd5 exd5 9. d4 Nc6 10. Be2 Bd6 11. O-O O-O 12. Be3 Bf5 13. Rc1 Qb6 14. Qd2 Bb4
15. Qd1 Bd6 16. Qd2 Rac8 17. Ne5 Bxe5 18. dxe5 d4 19. Bf4 d3 20. Bxd3 Rfd8 21.
Rc3 Rxd3 22. Rxd3 Bxd3 23. Qxd3 Qxb2 24. e6 Qxa2 25. exf7+ Qxf7 26. Be3 Rd8 27.
Qa3 a6 28. h3 h6 29. Rc1 Qd5 30. Qa4 Kh7 31. Qg4 Re8 32. Rc5 Qe4 33. Qd7 Re7 34.
Qc8 Qb1+ 35. Kh2 Qg6 36. Bf4 Qe6 37. Qxe6 Rxe6 38. Rd5 b5 39. Rd7 b4 40. Rb7 a5
41. Be3 a4 42. Bc5 b3 43. f4 Na5 44. Ra7 Nc6 45. Rb7 Re8 46. Ba3 Re2 47. f5 Na5
48. Ra7 Nc4 49. Bf8 b2 50. Rxg7+ Kh8 51. f6 Re8 52. Bc5 b1=Q 53. f7 Qb8+ 54. Rg3
Rf8 0-1

[Event "World Rapid 2022"]
[Site "Almaty KAZ"]
[Date "2022.12.26"]
[Round "3.78"]
[White "Zverev, Lev"]
[Black "Narayanan, Srinath"]
[Result "0-1"]
[WhiteTitle "FM"]
[BlackTitle "GM"]
[WhiteElo "2310"]
[BlackElo "2559"]
[WhiteFideId "24250775"]
[BlackFideId "5018420"]
[EventDate "2022.12.26"]

1. e4 c6 2. d4 d5 3. e5 c5 4. dxc5 e6 5. Nf3 Bxc5 6. Bd3 Ne7 7. a3 Ng6 8. O-O
Nc6 9. b4 Bb6 10. Re1 O-O 11. Bxg6 fxg6 12. Bb2 g5 13. h3 Bd7 14. c4 dxc4 15.
Nbd2 Ne7 16. Nxc4 Nd5 17. Nxb6 axb6 18. Qb3 Qe7 19. Nd4 Rf4 20. Qg3 Raf8 21.
Rad1 Rxf2 22. Qxf2 Rxf2 23. Kxf2 g4 24. hxg4 Qh4+ 25. Kg1 Qxg4 26. Bc1 h6 27.
Rf1 Be8 28. Nf5 Nc3 29. Rd8 Ne2+ 30. Kf2 Nxc1 31. Rxe8+ Kh7 32. Nd6 Qf4+ 33. Ke1
Qxe5+ 34. Kd1 Qxd6+ 35. Kxc1 0-1

[Event "World Rapid 2022"]
[Site "Almaty KAZ"]
[Date "2022.12.26"]
[Round "3.79"]
[White "Christiansen, Johan-Sebastian"]
[Black "Begmuratov, Khumoyun"]
[Result "1-0"]
[WhiteTitle "GM"]
[BlackTitle "FM"]
[WhiteElo "2578"]
[BlackElo "2399"]
[WhiteFideId "1512668"]
[BlackFideId "14210207"]
[EventDate "2022.12.26"]

1. Nf3 Nf6 2. c4 g6 3. g3 Bg7 4. Bg2 O-O 5. d4 d6 6. O-O c6 7. Nc3 Bg4 8. Ng5 h6
9. h3 Bc8 10. Nf3 Qc7 11. e4 Nbd7 12. Re1 e5 13. Be3 a6 14. Qd2 Kh7 15. Rac1 b6
16. b3 Bb7 17. d5 c5 18. Nh4 Rae8 19. Bf1 Bc8 20. Bd3 Qd8 21. Kh2 Ng8 22. Rf1
Ne7 23. Qc2 Nf6 24. f4 exf4 25. gxf4 b5 26. Qg2 b4 27. Ne2 Nf5 28. exf5 Rxe3 29.
Rf3 Rxf3 30. Qxf3 g5 31. Ng2 Re8 32. Rg1 Kh8 33. Ng3 Qe7 34. Re1 Qf8 35. Re3 Bd7
36. Bc2 a5 37. Qe2 Rxe3 38. Qxe3 g4 39. Qe2 h5 40. hxg4 Nxg4+ 41. Kh3 Bd4 42.
Nxh5 Nf2+ 43. Kh2 f6 44. Qf3 Be8 45. Nh4 Qh6 46. Ng6+ Kg8 47. Kg2 Bf7 48. Qe2
Qh7 49. Qe7 Qh6 50. Qd8+ 1-0

[Event "World Rapid 2022"]
[Site "Almaty KAZ"]
[Date "2022.12.26"]
[Round "3.80"]
[White "Elier, Ali"]
[Black "Dardha, Daniel"]
[Result "1/2-1/2"]
[BlackTitle "GM"]
[WhiteElo "2165"]
[BlackElo "2606"]
[WhiteFideId "16217543"]
[BlackFideId "240990"]
[EventDate "2022.12.26"]

1. e4 c6 2. d4 d5 3. Nc3 dxe4 4. Nxe4 Nf6 5. Nxf6+ exf6 6. Bc4 Na6 7. Nf3 Bd6 8.
Qe2+ Qe7 9. Bxa6 bxa6 10. Qxe7+ Kxe7 11. O-O Be6 12. Nd2 Rhd8 13. Ne4 Bc7 14.
Be3 f5 15. Nc5 f4 16. Nxa6 Bd6 17. Bd2 g5 18. Bc3 f6 19. Rfe1 Kf7 20. Nc5 Bxc5
21. dxc5 Rd5 22. b4 Rad8 23. f3 h5 24. Kf2 Bf5 25. Re2 Rd1 26. Rxd1 Rxd1 27. Re1
Rd8 28. Re2 Be6 29. Rd2 Rxd2+ 30. Bxd2 Bxa2 31. g3 fxg3+ 32. Kxg3 h4+ 33. Kg4
Kg6 34. f4 Be6+ 35. Kf3 g4+ 36. Ke3 Bd5 37. Kf2 Kf5 38. Kg1 g3 39. hxg3 hxg3 40.
Bc1 Kg4 41. Bb2 Kf5 42. Bd4 a6 43. c3 Kg6 44. Kf1 Be4 45. Kg1 f5 46. Be5 Kh5 47.
Bd6 Kg4 48. Be5 Kf3 49. Bd6 Ke3 50. Be5 Bd5 51. Bd6 Kd2 52. Be5 Kd3 53. Bd4 Kc4
54. Be5 a5 55. bxa5 Kxc5 56. Bb8 Kc4 57. Be5 Kb5 58. Bc7 Kc4 59. Be5 Kd3 60. a6
c5 61. Bd6 Ke3 62. a7 Bb7 63. Bc7 Ke4 64. Bb8 Kd3 65. Be5 Ba8 66. Bf6 Kc4 67.
Be5 Kb5 68. Bb8 Kb6 69. Bd6 Be4 70. Bb8 Kb5 71. Bd6 Kc4 72. Be5 Kd3 73. Bf6 Bb7
74. Bg7 Ke2 75. Be5 Ke3 76. Bd6 Kf3 77. Be5 1/2-1/2

[Event "World Rapid 2022"]
[Site "Almaty KAZ"]
[Date "2022.12.26"]
[Round "3.81"]
[White "Aleksandrov, Aleksej"]
[Black "Shishkov, Andrei"]
[Result "1-0"]
[WhiteTitle "GM"]
[BlackTitle "IM"]
[WhiteElo "2495"]
[BlackElo "2340"]
[WhiteFideId "13500139"]
[BlackFideId "4500563"]
[EventDate "2022.12.26"]

1. d4 Nf6 2. c4 e6 3. Nc3 Bb4 4. e3 O-O 5. Bd3 c5 6. a3 Bxc3+ 7. bxc3 Nc6 8. Ne2
b6 9. e4 Ne8 10. O-O Ba6 11. f4 f5 12. exf5 exf5 13. Be3 Qe7 14. Bf2 d6 15. Qa4
Bb7 16. Rfe1 Qf6 17. Ng3 g6 18. Be2 Na5 19. Rad1 Bc6 20. Qc2 Nc7 21. Rd2 Rad8
22. Red1 Nb7 23. Qd3 Ba4 24. Rb1 Na5 25. Nf1 Rfe8 26. Qh3 Nb3 27. Bh4 Qg7 28.
Rdb2 Rc8 29. Bd1 Nxd4 30. Bxa4 Ne2+ 31. Kh1 Nxf4 32. Qf3 Re4 33. Nd2 Qe5 34. Bg3
Nce6 35. Nxe4 fxe4 36. Qe3 g5 37. Re1 1-0

[Event "World Rapid 2022"]
[Site "Almaty KAZ"]
[Date "2022.12.26"]
[Round "3.82"]
[White "Saraci, Nderim"]
[Black "Averin, Nikolay"]
[Result "1/2-1/2"]
[WhiteTitle "IM"]
[BlackTitle "FM"]
[WhiteElo "2468"]
[BlackElo "2342"]
[WhiteFideId "6351921"]
[BlackFideId "24250473"]
[EventDate "2022.12.26"]

1. Nf3 d5 2. c4 e6 3. g3 Nf6 4. Bg2 dxc4 5. O-O a6 6. a4 Nc6 7. a5 Bb4 8. Qa4
Nd7 9. Na3 Nc5 10. Qc2 Nb3 11. Ra2 Nbxa5 12. Nxc4 Nxc4 13. Qxc4 Be7 14. d4 O-O
15. Ra1 Bd7 16. Bf4 Bd6 17. Rfc1 Qe7 18. Qd3 h6 19. Nd2 Rab8 20. Nc4 Bxf4 21.
gxf4 Nb4 22. Qa3 Rfc8 23. Ne5 Bb5 24. e3 Nd5 25. Bxd5 Qxa3 26. Rxa3 exd5 27.
Rac3 c6 28. Nd7 Ra8 29. Nb6 Rd8 30. Nxa8 Rxa8 31. f3 Re8 32. Kf2 a5 33. Re1 a4
34. Ra1 Kf8 35. b3 axb3 36. Rxb3 Ke7 37. Ra7 Ba6 38. Rbxb7+ Bxb7 39. Rxb7+ Kf6
40. Rc7 Re6 41. Ke2 g5 42. f5 Kxf5 43. Rxf7+ Kg6 44. Rc7 Kh5 45. Kd3 Rf6 46. Ke2
Re6 47. Kd3 Rf6 48. Ke2 Re6 49. Kd3 Rf6 50. Ke2 Re6 51. Kd3 Rf6 52. Ke2 Re6 1/2-1/2

[Event "World Rapid 2022"]
[Site "Almaty KAZ"]
[Date "2022.12.26"]
[Round "3.83"]
[White "Postlmayer, Jakob"]
[Black "Khusnutdinov, Rustam"]
[Result "0-1"]
[WhiteTitle "FM"]
[BlackTitle "GM"]
[WhiteElo "2314"]
[BlackElo "2441"]
[WhiteFideId "1643622"]
[BlackFideId "13701703"]
[EventDate "2022.12.26"]

1. c4 b6 2. d4 Bb7 3. Nc3 e6 4. Qc2 Qf6 5. d5 Qg6 6. Qxg6 hxg6 7. e4 f5 8. Bd3
Nf6 9. f3 Bd6 10. Nge2 c6 11. dxe6 dxe6 12. Bf4 Bxf4 13. Nxf4 Kf7 14. Rd1 Nbd7
15. b3 Rad8 16. Bc2 g5 17. Nh3 Kg6 18. exf5+ exf5 19. O-O Bc8 20. Rfe1 Nc5 21.
Nf2 Kf7 22. b4 Nb7 23. Nd3 Nd7 24. Ba4 Rh6 25. Re2 Rd6 26. Red2 Kf6 27. c5 bxc5
28. Nxc5 Rxd2 29. Rxd2 Ndxc5 30. Rxd8 Nxd8 31. bxc5 Ke5 32. Kf2 Kd4 33. Ne2+
Kxc5 34. f4 Ne6 35. fxg5 Nxg5 36. Ke3 Ne6 37. Bc2 g6 38. h4 Kd6 39. h5 gxh5 40.
Bxf5 Ke5 41. Bh3 Bd7 42. Ng3 Be8 43. Ne4 Nf4 44. Nd2 Nxh3 45. gxh3 Bf7 46. a3
Bd5 47. Nb1 h4 48. Nd2 Bg2 49. Kf2 Bd5 50. Nf1 Kf4 51. Nd2 c5 52. Nf1 c4 53. Ne3
Be6 54. Ng2+ Kg5 55. Ne3 c3 56. Ke2 Bxh3 57. Kd3 Kf4 58. Nd5+ Kf3 59. Kxc3 Be6
60. Nc7 Bf7 61. Nb5 h3 0-1

[Event "World Rapid 2022"]
[Site "Almaty KAZ"]
[Date "2022.12.26"]
[Round "3.84"]
[White "Arjun, Kalyan"]
[Black "Abdilkhair, Abilmansur"]
[Result "1-0"]
[WhiteTitle "GM"]
[BlackTitle "FM"]
[WhiteElo "2505"]
[BlackElo "2278"]
[WhiteFideId "35018701"]
[BlackFideId "13716417"]
[EventDate "2022.12.26"]

1. e4 e5 2. Nf3 Nf6 3. Nxe5 d6 4. Nf3 Nxe4 5. Bd3 Nf6 6. O-O Be7 7. Re1 O-O 8.
Bf1 b6 9. d4 Bb7 10. c4 Nbd7 11. Nc3 Re8 12. d5 h6 13. Nd4 Bf8 14. Rxe8 Qxe8 15.
Bf4 Nc5 16. Qc2 a5 17. b3 Bc8 18. Ncb5 Na6 19. Bd2 Bg4 20. h3 Bh5 21. Bd3 Qc8
22. Bf5 Qb7 23. g4 1-0

[Event "World Rapid 2022"]
[Site "Almaty KAZ"]
[Date "2022.12.26"]
[Round "3.85"]
[White "Suyarov, Mukhammadzokhid"]
[Black "Munkhgal, Gombosuren"]
[Result "1/2-1/2"]
[WhiteTitle "FM"]
[BlackTitle "GM"]
[WhiteElo "2299"]
[BlackElo "2463"]
[WhiteFideId "14210495"]
[BlackFideId "4901266"]
[EventDate "2022.12.26"]

1. d4 Nf6 2. Nc3 d5 3. Bf4 e6 4. Nb5 Na6 5. e3 c6 6. Nc3 Nb8 7. Bd3 Bd6 8. g4
Bxf4 9. exf4 Qd6 10. Qf3 Qb4 11. Ne2 Qxb2 12. Rb1 Qa3 13. g5 Nfd7 14. h4 Na6 15.
Rb3 Qa5 16. a3 c5 17. Bxa6 Qxa6 18. Qe3 Qc6 19. h5 b6 20. h6 g6 21. O-O Ba6 22.
Re1 O-O-O 23. a4 Rde8 24. Nb5 Kb8 25. dxc5 Qxc5 26. Ned4 Bxb5 27. axb5 Rc8 28.
Ra1 Rc7 29. Rba3 Ka8 30. Nc6 a5 31. Nxa5 bxa5 32. Rxa5+ Kb7 33. Ra7+ Kc8 34.
Rxc7+ Qxc7 35. Ra8+ Nb8 36. Ra7 Qxc2 37. Qb6 Qc1+ 38. Kg2 Qxf4 39. Qb7+ Kd8 40.
Qe7+ Kc8 41. f3 Qd2+ 42. Kh3 Qf4 43. Qc5+ Kd8 44. Qe7+ Kc8 45. Kg2 Qd2+ 46. Kh3
Qf4 1/2-1/2

[Event "World Rapid 2022"]
[Site "Almaty KAZ"]
[Date "2022.12.26"]
[Round "3.86"]
[White "Gadimbayli, Abdulla"]
[Black "Nurgaliyev, Sauat"]
[Result "1/2-1/2"]
[WhiteTitle "GM"]
[BlackTitle "CM"]
[WhiteElo "2524"]
[BlackElo "2150"]
[WhiteFideId "13404938"]
[BlackFideId "13726285"]
[EventDate "2022.12.26"]

1. e4 c5 2. Nf3 d6 3. d4 cxd4 4. Nxd4 Nf6 5. Nc3 a6 6. g3 e5 7. Nf3 Be7 8. Bg2
O-O 9. O-O b5 10. a4 b4 11. Nd5 Nxd5 12. Qxd5 Ra7 13. Be3 Be6 14. Qd3 Ra8 15.
Nd2 Nd7 16. f4 exf4 17. gxf4 Nc5 18. Bxc5 dxc5 19. f5 Qb6 20. Qe3 Bd7 21. e5
Rae8 22. Nc4 Qc7 23. Qf3 Bd8 24. b3 g6 25. f6 Rxe5 26. Nxe5 Qxe5 27. Rae1 Qd4+
28. Kh1 Bf5 29. Qg3 Qxf6 30. Rd1 Qh4 31. Qxh4 Bxh4 32. Rd6 Bxc2 33. Bd5 Bf5 34.
Rf4 Bg5 35. Rc4 Re8 36. h4 Be7 37. Rxa6 Rd8 38. Ra8 Rxa8 39. Bxa8 Be6 40. Re4
Bd8 41. Re5 Bb6 42. Bd5 Bc7 43. Rxe6 fxe6 44. Bxe6+ Kg7 45. Kg2 Kf6 46. Bg8 h6
47. Kf3 Ke5 48. Ke3 g5 49. hxg5 hxg5 50. Kd3 Kd6 51. Bh7 Kc6 52. Kc4 Kb6 1/2-1/2

[Event "World Rapid 2022"]
[Site "Almaty KAZ"]
[Date "2022.12.26"]
[Round "3.87"]
[White "Zhalmakhanov, Ramazan"]
[Black "Akhilbay, Imangali"]
[Result "0-1"]
[WhiteTitle "IM"]
[WhiteElo "2401"]
[BlackElo "2140"]
[WhiteFideId "13706357"]
[BlackFideId "13734857"]
[EventDate "2022.12.26"]

1. e4 c5 2. Nc3 Nc6 3. Nf3 e5 4. Bc4 Be7 5. d3 Nf6 6. Nd2 O-O 7. Nf1 d6 8. Ne3
Be6 9. O-O Nd7 10. Ned5 Nb6 11. a4 Bg5 12. Nxb6 Bxc1 13. Nxa8 Bxb2 14. Nd5 Bxd5
15. exd5 Na5 16. Rb1 Bc3 17. Nb6 axb6 18. Ba2 Qh4 19. Rxb6 Qxa4 20. Qb1 Qd7 21.
Qb5 Qc7 22. Rb1 Ra8 23. Qa4 Qd8 24. Qg4 g6 25. h4 Kg7 26. g3 h5 27. Qg5 Qc7 28.
R6b5 Qd7 29. Bc4 e4 30. Qe3 Re8 31. dxe4 Bd4 32. Qd3 Nxc4 33. Qxc4 Rxe4 34. Qd3
Qf5 35. Rf1 c4 36. Qd1 Qh3 37. Qf3 Rg4 38. Rd1 Rxg3+ 39. Qxg3 Qxg3+ 0-1

[Event "World Rapid 2022"]
[Site "Almaty KAZ"]
[Date "2022.12.26"]
[Round "3.88"]
[White "Nissinen, Niilo Man"]
[Black "Uruci, Endrit"]
[Result "1-0"]
[WhiteTitle "CM"]
[BlackTitle "FM"]
[WhiteElo "1996"]
[BlackElo "2297"]
[WhiteFideId "30950767"]
[BlackFideId "22100199"]
[EventDate "2022.12.26"]

1. e4 c6 2. d4 d5 3. Nc3 dxe4 4. Nxe4 Nf6 5. Nxf6+ exf6 6. c3 Bd6 7. Bd3 O-O 8.
Qc2 Re8+ 9. Ne2 g6 10. O-O Nd7 11. Be3 f5 12. c4 Nf6 13. Bg5 Bxh2+ 14. Kh1 Bd6
15. g3 h6 16. Bxh6 Ng4 17. Bd2 Kg7 18. Kg2 b6 19. Rh1 b5 20. c5 Bc7 21. f3 Qd5
22. Nc3 Qxd4 23. fxg4 Qxg4 24. Bh6+ Kg8 25. Qf2 Rd8 26. Rad1 b4 27. Rh4 Qxg3+
28. Qxg3 Bxg3 29. Kxg3 bxc3 30. bxc3 Ba6 31. Bc2 Rxd1 32. Bxd1 Bc8 33. Bf3 Be6
34. Ra4 f6 35. Bf4 g5 36. Bd6 f4+ 37. Kf2 Kf7 38. Bxc6 Rh8 39. Rxa7+ Kg6 40.
Be4+ f5 41. Bg2 Re8 42. Re7 Rxe7 43. Bxe7 Bxa2 44. c6 Be6 45. Bf1 g4 46. Ba6 g3+
47. Kg1 f3 48. Bc5 f2+ 49. Bxf2 gxf2+ 50. Kxf2 1-0

[Event "World Rapid 2022"]
[Site "Almaty KAZ"]
[Date "2022.12.26"]
[Round "3.89"]
[White "Khripachenko, Alexander"]
[Black "Amangeldy, Ernur"]
[Result "1-0"]
[WhiteTitle "FM"]
[WhiteElo "2219"]
[BlackElo "2097"]
[WhiteFideId "54184975"]
[BlackFideId "13720244"]
[EventDate "2022.12.26"]

1. e4 c5 2. Nf3 Nc6 3. d4 cxd4 4. Nxd4 Nf6 5. Nc3 e5 6. Ndb5 d6 7. a4 a6 8. Na3
Bg4 9. Be2 Bxe2 10. Qxe2 Nd4 11. Qd3 d5 12. O-O dxe4 13. Nxe4 Be7 14. Nxf6+ Bxf6
15. Qe4 Qc7 16. Be3 O-O 17. c3 Qc6 18. Qg4 Nb3 19. Rad1 Rad8 20. Qb4 Qe6 21.
Qxb7 Be7 22. Nc2 Na5 23. Qb6 Rxd1 24. Rxd1 Qxb6 25. Bxb6 Nc4 26. Bc7 Nxb2 27.
Rd7 Bf6 28. a5 Ra8 29. Ne3 Kf8 30. Bb6 Ke8 31. Rb7 Na4 32. Nd5 Bd8 33. g3 Rc8
34. Bxd8 Rxd8 35. Nc7+ Kd7 36. Nxa6+ Ke6 37. c4 Rc8 38. Nc7+ Kd6 39. Nb5+ Ke6
40. a6 Nc5 41. Rb6+ Kd7 42. a7 Ne6 1-0

[Event "World Rapid 2022"]
[Site "Almaty KAZ"]
[Date "2022.12.26"]
[Round "4.2"]
[White "Giri, Anish"]
[Black "Duda, Jan-Krzysztof"]
[Result "1/2-1/2"]
[WhiteTitle "GM"]
[BlackTitle "GM"]
[WhiteElo "2764"]
[BlackElo "2729"]
[WhiteFideId "24116068"]
[BlackFideId "1170546"]
[EventDate "2022.12.26"]

1. Nf3 Nf6 2. c4 e6 3. g3 d5 4. d4 Bb4+ 5. Bd2 a5 6. Bg2 O-O 7. Qc2 c5 8. cxd5
cxd4 9. Nxd4 Qb6 10. e3 exd5 11. a3 Bxd2+ 12. Nxd2 Nc6 13. N2f3 Bg4 14. O-O Rac8
15. Qd3 Rfd8 16. Qb5 Qxb5 17. Nxb5 Bxf3 18. Bxf3 Ne5 19. Nd4 Nxf3+ 20. Nxf3 Kf8
21. Nd4 Ne4 22. Rfc1 Nc5 23. Rc3 Ne6 24. Rac1 Rxc3 25. Rxc3 Nxd4 26. exd4 Rd6
27. Rc8+ Ke7 28. Rc7+ Rd7 29. Rxd7+ Kxd7 30. a4 Ke6 31. f3 Kf5 32. Kf2 g5 33.
Ke3 f6 34. g4+ Ke6 35. h3 h6 36. Kd3 Kd6 37. Ke3 Ke6 38. Kd3 Kd6 1/2-1/2

[Event "World Rapid 2022"]
[Site "Almaty KAZ"]
[Date "2022.12.26"]
[Round "4.3"]
[White "Fedoseev, Vladimir3"]
[Black "Nihal, Sarin"]
[Result "1/2-1/2"]
[WhiteTitle "GM"]
[BlackTitle "GM"]
[WhiteElo "2688"]
[BlackElo "2670"]
[WhiteFideId "24130737"]
[BlackFideId "25092340"]
[EventDate "2022.12.26"]

1. d4 Nf6 2. c4 e6 3. Nf3 d5 4. Nc3 h6 5. e3 Bd6 6. a3 b6 7. b4 a5 8. Rb1 axb4
9. axb4 dxc4 10. Bxc4 Bb7 11. O-O O-O 12. Bd3 Qe7 13. b5 Nbd7 14. e4 Bb4 15. Rb3
Bxc3 16. Rxc3 Bxe4 17. Bxe4 Nxe4 18. Rxc7 Qd6 19. Qc2 Ndf6 20. Rc6 Qd5 21. Rxb6
Rfb8 22. Rxb8+ Rxb8 23. Ne5 Qxb5 24. Be3 Qb3 25. Qc7 Qb7 26. Qxb7 Rxb7 27. Rc1
Nd5 28. h4 h5 29. Nd3 Nd6 30. Nf4 Nxf4 31. Bxf4 Nf5 32. Rc8+ Kh7 33. Rc5 Rd7 34.
Be3 Kg6 35. g3 f6 36. Rc4 Ne7 37. Kg2 Nd5 38. Kf3 Kf5 39. Rc8 Rb7 40. Rh8 Kg6
41. Re8 Rb6 42. Bd2 Ra6 43. Be3 Rd6 44. Rc8 Rd7 45. Ke4 Ne7 46. Re8 Kf7 47. Rh8
Rd5 48. Rb8 Nf5 49. Rb7+ Kg6 50. Rb6 Nd6+ 51. Kf3 Kf5 52. Rc6 Nb5 53. Rc4 Kg6
54. Rc6 Nd6 55. Ke2 Nf5 56. Rxe6 Nxd4+ 1/2-1/2

[Event "World Rapid 2022"]
[Site "Almaty KAZ"]
[Date "2022.12.26"]
[Round "4.4"]
[White "Van Foreest, Jorden"]
[Black "Artemiev, Vladislav"]
[Result "1-0"]
[WhiteTitle "GM"]
[BlackTitle "GM"]
[WhiteElo "2690"]
[BlackElo "2701"]
[WhiteFideId "1039784"]
[BlackFideId "24101605"]
[EventDate "2022.12.26"]

1. e4 e5 2. Nf3 Nc6 3. Bc4 Nf6 4. d3 Be7 5. O-O O-O 6. Nc3 d6 7. a4 a5 8. Re1 h6
9. h3 Re8 10. d4 Bf8 11. d5 Nb4 12. Be3 c6 13. Nd2 cxd5 14. exd5 b6 15. Bb5 Re7
16. Nc4 Rb8 17. Qd2 Bf5 18. Rac1 Bg6 19. f3 Ra7 20. b3 Na6 21. Nxa5 bxa5 22.
Bxa7 Rb7 23. Be3 Nb4 24. Bc4 Qa8 25. Nb5 Rd7 26. Red1 Na2 27. Ra1 Nb4 28. Na3
Be7 29. c3 Na6 30. Bb5 Rd8 31. Nc4 Nc7 32. Bc6 Qa6 33. Bb6 Rc8 34. Bxa5 Ncxd5
35. Bxd5 Rc5 36. Be4 Bxe4 37. fxe4 Rxc4 38. bxc4 Qxa5 39. Qe3 d5 40. Kh1 dxe4
41. Qd2 Kh7 42. Rf1 Qa7 43. a5 e3 44. Qc2+ Kg8 45. a6 Nh5 46. Rf3 Bh4 47. Qe4
Bf2 48. Qb7 e2 49. Qc8+ Kh7 50. Qf5+ Kh8 51. Qxe5 e1=Q+ 52. Rxe1 Bxe1 53. Qxh5
Qxa6 54. Qxf7 Bxc3 55. Qe8+ Kh7 56. Qe4+ g6 57. Rf7+ Bg7 58. Qe5 1-0

[Event "World Rapid 2022"]
[Site "Almaty KAZ"]
[Date "2022.12.26"]
[Round "4.6"]
[White "Salem, A.R. Saleh"]
[Black "Nepomniachtchi, Ian"]
[Result "0-1"]
[WhiteTitle "GM"]
[BlackTitle "GM"]
[WhiteElo "2677"]
[BlackElo "2793"]
[WhiteFideId "9301348"]
[BlackFideId "4168119"]
[EventDate "2022.12.26"]

1. d4 Nf6 2. c4 e6 3. Nc3 Bb4 4. e3 O-O 5. Bd3 d5 6. a3 Bxc3+ 7. bxc3 dxc4 8.
Bxc4 c5 9. Ne2 Qc7 10. Bd3 Nc6 11. f4 b6 12. O-O Bb7 13. Ng3 Rfd8 14. Qe2 Rac8
15. Bb2 Na5 16. Rac1 Qe7 17. h3 a6 18. Kh2 b5 19. e4 Nc4 20. Ba1 Ne8 21. f5 Qg5
22. Rce1 Nc7 23. f6 g6 24. Bxc4 bxc4 25. Bb2 cxd4 26. cxd4 Qb5 27. Bc1 Rxd4 28.
Qe3 Rd3 29. Qh6 Ne8 30. Rf4 Qe5 31. Ref1 Nxf6 32. Rxf6 Qxg3+ 33. Kg1 Bxe4 34.
R6f2 Rd5 35. Bf4 Qxf2+ 36. Kxf2 Rh5 37. Qxh5 gxh5 38. Ke3 Bg6 39. Kd4 0-1

[Event "World Rapid 2022"]
[Site "Almaty KAZ"]
[Date "2022.12.26"]
[Round "4.8"]
[White "Gareyev, Timur"]
[Black "Yu, Yangyi"]
[Result "0-1"]
[WhiteTitle "GM"]
[BlackTitle "GM"]
[WhiteElo "2602"]
[BlackElo "2728"]
[WhiteFideId "14200937"]
[BlackFideId "8603820"]
[EventDate "2022.12.26"]

1. d4 Nf6 2. c4 e6 3. Nf3 h6 4. e3 d5 5. Nc3 Nbd7 6. b3 Bb4 7. Bd2 O-O 8. a3 Be7
9. Be2 c5 10. cxd5 exd5 11. O-O b6 12. Qb1 Bb7 13. b4 c4 14. Ne5 a6 15. f4 b5
16. Bf3 Nb6 17. g4 Nfd7 18. Kh1 Nxe5 19. fxe5 f6 20. e6 Qd6 21. Qf5 Bc8 22. Nxd5
Bxe6 23. Nxe7+ Qxe7 24. Qc5 Qd8 25. Bxa8 Qxa8+ 26. Kg1 Na4 27. Qd6 Bf7 28. Rae1
Qe4 29. Qf4 Qd3 30. e4 c3 31. Be3 c2 32. e5 Bc4 33. exf6 Rxf6 34. Qb8+ Kh7 35.
Rxf6 Qxe3+ 36. Rxe3 c1=Q+ 37. Kf2 Qd2+ 38. Kf3 Bd5+ 39. Kf4 0-1

[Event "World Rapid 2022"]
[Site "Almaty KAZ"]
[Date "2022.12.26"]
[Round "4.9"]
[White "Shimanov, Aleksandr"]
[Black "Vidit, Santosh Gujrathi"]
[Result "1/2-1/2"]
[WhiteTitle "GM"]
[BlackTitle "GM"]
[WhiteElo "2581"]
[BlackElo "2730"]
[WhiteFideId "4198603"]
[BlackFideId "5029465"]
[EventDate "2022.12.26"]

1. e4 e5 2. Nf3 Nc6 3. Nc3 Nf6 4. h3 Bb4 5. Nd5 O-O 6. c3 Be7 7. d3 d6 8. Nxe7+
Nxe7 9. g3 Ng6 10. Bg2 d5 11. exd5 Qxd5 12. O-O Bf5 13. Re1 Qxd3 14. Qxd3 Bxd3
15. Nxe5 Nxe5 16. Rxe5 Rfe8 17. Bf4 c6 18. Rae1 Rxe5 19. Rxe5 Re8 20. Rxe8+ Nxe8
21. Bb8 a6 22. f3 f6 23. Kf2 Kf7 24. Ke3 Bb1 25. a4 Ke6 26. Kd4 Kd7 27. Kc5 Kc8
28. Bf4 g5 29. Be3 Kc7 30. a5 Ng7 31. f4 Ne6+ 32. Kc4 Kd6 33. fxg5 fxg5 34. b4
Bc2 35. Ba7 Ke5 36. Bf3 Bf5 37. Bb8+ Kf6 38. h4 gxh4 39. gxh4 Bc2 40. Bg4 Kf7
41. Be5 Ke7 42. Be2 Be4 43. Kb3 Nd8 44. c4 Ke6 45. Bf4 Kf5 46. Bg3 Ne6 47. Kc3
Bg2 48. Bd1 Bh1 49. Kd3 Be4+ 50. Ke3 c5 51. b5 Nd4 52. bxa6 bxa6 53. Bc7 Bc2 54.
Bh5 Ba4 55. Bb6 Nc6 56. Bf3 Ke6 57. Kf4 Kd6 58. Kg5 Ne5 59. Be4 Nxc4 60. Bd8 Ne5
61. Bf6 c4 62. Bxh7 Bd1 63. Kf4 Nd3+ 64. Ke3 Nb4 65. Bg7 Nc6 66. Bc3 Bh5 67. Bg8
Kc5 68. Ke4 Kb5 69. Ke3 Nxa5 70. Bxa5 Kxa5 1/2-1/2